<?xml version="1.0" encoding="UTF-8"?>
<record
    xmlns:xsi="http://www.w3.org/2001/XMLSchema-instance"
    xsi:schemaLocation="http://www.loc.gov/MARC21/slim http://www.loc.gov/standards/marcxml/schema/MARC21slim.xsd"
    xmlns="http://www.loc.gov/MARC21/slim">

  <leader>01828nas a22002657a 4500</leader>
  <controlfield tag="005">20140326160444.0</controlfield>
  <controlfield tag="006">a|||||r|||| 00| 0 </controlfield>
  <controlfield tag="007">cr  n         </controlfield>
  <controlfield tag="008">130215uuuuuuuuu||||| |ss||||||   ||||||d</controlfield>
  <datafield tag="130" ind1="0" ind2=" ">
    <subfield code="a">Terrascape (Online)</subfield>
  </datafield>
  <datafield tag="210" ind1="1" ind2="0">
    <subfield code="a">Terrascape</subfield>
  </datafield>
  <datafield tag="245" ind1="1" ind2="0">
    <subfield code="a">Terrascape</subfield>
    <subfield code="b">takes the places</subfield>
    <subfield code="c">edited by Himanshu Joshi</subfield>
  </datafield>
  <datafield tag="260" ind1=" " ind2=" ">
    <subfield code="a">New Delhi</subfield>
    <subfield code="b">Himanshu Joshi</subfield>
    <subfield code="c">2013-</subfield>
  </datafield>
  <datafield tag="300" ind1=" " ind2=" ">
    <subfield code="a">v.</subfield>
    <subfield code="c">28 cm (Pbk)</subfield>
  </datafield>
  <datafield tag="310" ind1=" " ind2=" ">
    <subfield code="a">monthly</subfield>
  </datafield>
  <datafield tag="362" ind1=" " ind2=" ">
    <subfield code="a">Dec 2013 Vol 4, Issue 7</subfield>
  </datafield>
  <datafield tag="520" ind1=" " ind2=" ">
    <subfield code="a">Terrascape celebrates journeys that are about places, experiences, culture, authenticity, ethnicity and photography. Terrascape will deliver informative, entertaining, relevant and thought-provoking content that feeds the mind and fuels the imagination.

The types of destinations we cover vary widely, from mainstream to adventure travel. A spectacularly visual magazine, Terrascape focuses on places we all dream about, and some more. Each destination is rich in distinction and character, and we actively support efforts to keep them that way. The magazine believes that enhancing an authentic &#x201C;sense of place&#x201D; benefits both travellers and the locations they explore.

Features and columns strive to see destinations with fresh eyes and real insight, draw linkages with the past, give cultural clues and historical facts all to allow you to experience a destination directly.

A spectacularly visual magazine for travellers and dreamers, Terrascape focuses on places we all dream about, and some more.</subfield>
  </datafield>
  <datafield tag="530" ind1=" " ind2=" ">
    <subfield code="a">Also available in print.</subfield>
  </datafield>
  <datafield tag="650" ind1=" " ind2=" ">
    <subfield code="a">Travel</subfield>
  </datafield>
  <datafield tag="655" ind1=" " ind2="0">
    <subfield code="a">Electronic journals.</subfield>
  </datafield>
  <datafield tag="700" ind1=" " ind2=" ">
    <subfield code="a">Joshi, Himanshu, Ed.</subfield>
  </datafield>
  <datafield tag="856" ind1="4" ind2="0">
    <subfield code="u">http://www.terrascape.in/archive.aspx</subfield>
  </datafield>
  <datafield tag="270" ind1=" " ind2=" ">
    <subfield code="a">A-226, Priyadarshini Vihar  17 IP Extension</subfield>
    <subfield code="b">Delhi</subfield>
    <subfield code="e">110092</subfield>
    <subfield code="k">26492225</subfield>
    <subfield code="m">terrascapemag@gmail.com</subfield>
  </datafield>
  <datafield tag="942" ind1=" " ind2=" ">
    <subfield code="2">ddc</subfield>
    <subfield code="c">SR</subfield>
    <subfield code="s">1</subfield>
  </datafield>
  <datafield tag="999" ind1=" " ind2=" ">
    <subfield code="c">83175</subfield>
    <subfield code="d">83175</subfield>
  </datafield>
  <datafield tag="952" ind1=" " ind2=" ">
    <subfield code="0">0</subfield>
    <subfield code="1">0</subfield>
    <subfield code="2">ddc</subfield>
    <subfield code="4">0</subfield>
    <subfield code="7">1</subfield>
    <subfield code="8">NFIC</subfield>
    <subfield code="a">DBAD</subfield>
    <subfield code="b">DBAD</subfield>
    <subfield code="d">2014-03-26</subfield>
    <subfield code="l">0</subfield>
    <subfield code="r">2014-03-26 00:00:00</subfield>
    <subfield code="w">2014-03-26</subfield>
    <subfield code="y">SR</subfield>
  </datafield>
</record>
